[Event "ODJM A 2016"]
[Site "Willingen GER"]
[Date "2016.05.19"]
[Round "7"]
[White "Meißner, Felix"]
[Black "Ramien, David"]
[Result "1-0"]
[Termination "normal"]
[Board "2"]
[WhiteTitle "FM"]
[WhiteElo "2287"]
[BlackElo "2107"]
[WhiteClock "00:20:03"]
[BlackClock "00:27:51"]
[PlyCount "51"]
[WhiteFideId "24671827"]
[BlackFideId "12948241"]
[EventCountry "GER"]
[EventRounds "9"]
[EventType "swiss"]
[EventDate "2016.05.14"]

1. d4 Nf6 2. Nf3 g6 3. c4 Bg7 4. Nc3 O-O 5. e4 d6 6. Be2 e5 7. dxe5 dxe5 8. O-O
c6 9. b4 Nbd7 10. Ba3 Qc7 11. Qb3 Re8 12. Rfd1 Nf8 13. b5 Bg4 14. Rab1 Ne6 15.
bxc6 bxc6 16. Qb7 Qxb7 17. Rxb7 Rad8 18. Rxd8 Rxd8 19. Be7 Rd7 20. Rb8+ Nf8 21.
Bb4 Bxf3 22. gxf3 h5 23. Na4 Bh6 24. Nc5 a5 25. Nxd7 N6xd7 26. Bxf8 1-0

[Event "ODJM A 2016"]
[Site "Willingen GER"]
[Date "2016.05.19"]
[Round "7"]
[White "Xu, Xianliang"]
[Black "Ciolek, Andreas"]
[Result "1-0"]
[Termination "normal"]
[Board "3"]
[WhiteTitle "FM"]
[WhiteElo "2273"]
[BlackElo "2102"]
[WhiteClock "00:38:50"]
[BlackClock "00:02:29"]
[PlyCount "63"]
[WhiteFideId "4603230"]
[BlackFideId "12906727"]
[EventCountry "GER"]
[EventRounds "9"]
[EventType "swiss"]
[EventDate "2016.05.14"]

1. e4 c5 2. c3 Nf6 3. e5 Nd5 4. d4 cxd4 5. Nf3 e6 6. cxd4 d6 7. Bc4 Be7 8. O-O
O-O 9. Nc3 Nxc3 10. bxc3 dxe5 11. Nxe5 Nd7 12. f4 Qc7 13. Qb3 Nxe5 14. fxe5 b6
15. Bd3 Bb7 16. Bd2 Rac8 17. Qd1 f5 18. exf6 Bxf6 19. Qh5 g6 20. Qg4 e5 21.
Qe6+ Kg7 22. Rae1 Rce8 23. Qh3 Kg8 24. Bh6 Bg7 25. Rxf8+ Bxf8 26. Bb5 Re7 27.
Bg5 Rf7 28. Rxe5 Bd6 29. Re8+ Rf8 30. Qe6+ Qf7 31. Bc4 Qxe6 32. Rxe6 1-0

[Event "ODJM A 2016"]
[Site "Willingen GER"]
[Date "2016.05.19"]
[Round "7"]
[White "Balazs, Balint"]
[Black "Greßmann, Moritz"]
[Result "1/2-1/2"]
[Termination "normal"]
[Board "4"]
[WhiteElo "2145"]
[BlackElo "2206"]
[WhiteClock "00:14:04"]
[BlackClock "00:19:45"]
[PlyCount "120"]
[WhiteFideId "12922757"]
[BlackFideId "24695084"]
[EventCountry "GER"]
[EventRounds "9"]
[EventType "swiss"]
[EventDate "2016.05.14"]

1. d4 d5 2. Nf3 Nf6 3. Bf4 c5 4. e3 Nc6 5. dxc5 e6 6. c4 Bxc5 7. Nc3 Bb4 8. a3
Bxc3+ 9. bxc3 Ne4 10. Bd3 Nxc3 11. Qc2 Qa5 12. O-O dxc4 13. Bxc4 O-O 14. e4 Nb5
15. Qb2 a6 16. a4 Qc3 17. Qxc3 Nxc3 18. Rfe1 Na7 19. Re3 Nxa4 20. Rxa4 b5 21.
Ra1 bxc4 22. Rc3 Bb7 23. Rxc4 Bc6 24. Ne5 Bb5 25. Rc7 f6 26. Be3 Nc8 27. Nf3
Rf7 28. Rxf7 Kxf7 29. Rc1 Ne7 30. Nd4 Rc8 31. Rxc8 Nxc8 32. f3 Nd6 33. Bd2 e5
34. Nb3 Ke7 35. Bb4 Kd7 36. Na5 g6 37. Kf2 Bd3 38. Ke3 Bb1 39. Kd2 h5 40. Kc1
Ba2 41. Kb2 Bc4 42. Bxd6 Bf1 43. Bb8 Bxg2 44. Kc3 Bxf3 45. Kd3 Ke6 46. Ke3 Bh1
47. Nb7 Kd7 48. Nc5+ Kc6 49. Ne6 a5 50. Nd8+ Kd7 51. Nf7 a4 52. Nxe5+ fxe5 53.
Bxe5 h4 54. Bb2 g5 55. Ba3 Ke6 56. Kd4 g4 57. Bc1 a3 58. Kc3 Bxe4 59. Bf4 Bd5
60. Kc2 Kf5 1/2-1/2

[Event "ODJM A 2016"]
[Site "Willingen GER"]
[Date "2016.05.19"]
[Round "7"]
[White "Quante, Lennart"]
[Black "Holtel, Jasper"]
[Result "1/2-1/2"]
[Termination "normal"]
[Board "5"]
[BlackTitle "FM"]
[WhiteElo "2062"]
[BlackElo "2269"]
[WhiteClock "00:05:46"]
[BlackClock "00:13:06"]
[PlyCount "61"]
[WhiteFideId "12979627"]
[BlackFideId "12956376"]
[EventCountry "GER"]
[EventRounds "9"]
[EventType "swiss"]
[EventDate "2016.05.14"]

1. d4 Nf6 2. Nf3 g6 3. Bf4 Bg7 4. e3 O-O 5. Be2 c5 6. O-O d6 7. h3 Nbd7 8. Re1
b6 9. Nbd2 Bb7 10. c3 Ne4 11. Nxe4 Bxe4 12. Bh2 Qc7 13. a4 Qb7 14. Bf1 Bc6 15.
Nd2 e5 16. Nc4 Qc7 17. dxc5 d5 18. cxb6 axb6 19. Na3 Rxa4 20. Nb5 Bxb5 21. Rxa4
Bxa4 22. Qxa4 Nc5 23. Qb5 Qb7 24. Rd1 Bf6 25. b4 Ne4 26. Rxd5 Nxc3 27. Rd7 Qc8
28. Qd3 e4 29. Qd6 Rd8 30. Rxd8+ Qxd8 31. Qxd8+ 1/2-1/2

[Event "ODJM A 2016"]
[Site "Willingen GER"]
[Date "2016.05.19"]
[Round "7"]
[White "Müller, Max"]
[Black "Böhning, Kilian"]
[Result "1/2-1/2"]
[Termination "normal"]
[Board "6"]
[WhiteElo "1960"]
[BlackElo "2229"]
[WhiteClock "00:15:06"]
[BlackClock "00:35:10"]
[PlyCount "81"]
[WhiteFideId "12900486"]
[BlackFideId "1270499"]
[EventCountry "GER"]
[EventRounds "9"]
[EventType "swiss"]
[EventDate "2016.05.14"]

1. e4 e5 2. Nf3 Nc6 3. Bb5 a6 4. Ba4 Nf6 5. O-O b5 6. Bb3 Be7 7. Re1 O-O 8. c3
d6 9. h3 Na5 10. Bc2 c5 11. d3 Re8 12. Nbd2 Bf8 13. Nf1 Nc6 14. Ng3 g6 15. a4
b4 16. Be3 d5 17. Bg5 d4 18. cxd4 cxd4 19. Bb3 h6 20. Bxf6 Qxf6 21. Bd5 Bb7 22.
Bxc6 Bxc6 23. b3 Rac8 24. Rc1 Bd7 25. Nd2 h5 26. Rxc8 Rxc8 27. Nc4 h4 28. Nf1
Be6 29. Nfd2 Bh6 30. Nf3 Bf4 31. Rf1 g5 32. Ne1 Qg6 33. f3 f5 34. Qe2 Bxc4 35.
dxc4 Be3+ 36. Kh1 Rf8 37. Nc2 Bf4 38. Nxb4 fxe4 39. fxe4 Qb6 40. Nd5 Qxb3 41.
Qh5 1/2-1/2

[Event "ODJM A 2016"]
[Site "Willingen GER"]
[Date "2016.05.19"]
[Round "7"]
[White "Hebbering, Tom Elliot"]
[Black "Reuker, Jari"]
[Result "1-0"]
[Termination "normal"]
[Board "7"]
[WhiteElo "2189"]
[BlackElo "2081"]
[WhiteClock "00:14:10"]
[BlackClock "00:08:28"]
[PlyCount "61"]
[WhiteFideId "12901750"]
[BlackFideId "12909300"]
[EventCountry "GER"]
[EventRounds "9"]
[EventType "swiss"]
[EventDate "2016.05.14"]

1. d4 Nf6 2. c4 e6 3. g3 d5 4. Bg2 Be7 5. Nf3 O-O 6. O-O dxc4 7. Qc2 a6 8. a4
Bd7 9. Qxc4 Bc6 10. Bf4 Nbd7 11. a5 Rc8 12. Nc3 Nd5 13. Qb3 N7f6 14. Rfd1 Nb4
15. Bd2 Bd5 16. Nxd5 Qxd5 17. Qa4 Qb5 18. Ne5 c6 19. Qxb5 axb5 20. Bxb4 Bxb4
21. a6 bxa6 22. Rxa6 Ra8 23. Rxa8 Rxa8 24. Nxc6 Ra2 25. Nxb4 Rxb2 26. Nd3 Rxe2
27. Bf3 Ra2 28. Rb1 Ra5 29. Ne5 g6 30. Kg2 Kg7 31. Nc6 1-0

[Event "ODJM A 2016"]
[Site "Willingen GER"]
[Date "2016.05.19"]
[Round "7"]
[White "Borchert, Louis"]
[Black "Syrov, Arkadi"]
[Result "0-1"]
[Termination "normal"]
[Board "8"]
[WhiteElo "1774"]
[BlackElo "2114"]
[WhiteClock "00:16:02"]
[BlackClock "00:36:04"]
[PlyCount "90"]
[WhiteFideId "12990680"]
[BlackFideId "12942448"]
[EventCountry "GER"]
[EventRounds "9"]
[EventType "swiss"]
[EventDate "2016.05.14"]

1. e4 e5 2. Nf3 Nc6 3. Bc4 Bc5 4. c3 Nf6 5. d3 a6 6. Bb3 Ba7 7. O-O h6 8. Nbd2
O-O 9. Re1 Re8 10. Nf1 d6 11. Ng3 Be6 12. Bc2 d5 13. Qe2 b5 14. Be3 d4 15. Bd2
Qd7 16. Nh4 Bg4 17. Qf1 Nh7 18. h3 Be6 19. Qe2 Bc5 20. Nhf5 Kh8 21. Qf3 Bf8 22.
Rf1 Ne7 23. Nxe7 Bxe7 24. Nf5 Bf8 25. g4 Bxf5 26. exf5 dxc3 27. bxc3 e4 28. Qg3
exd3 29. Bb3 c5 30. c4 Nf6 31. Rad1 b4 32. Bf4 Rad8 33. Bc7 Bd6 34. Bxd6 Qxd6
35. Qxd6 Rxd6 36. f3 Nd7 37. Rd2 Nb6 38. Rfd1 Red8 39. Re1 Rd4 40. Re3 a5 41.
Re7 a4 42. Bd1 Nxc4 43. Rf2 d2 44. Rxf7 Ne3 45. Bxa4 Ra8 0-1

[Event "ODJM A 2016"]
[Site "Willingen GER"]
[Date "2016.05.19"]
[Round "7"]
[White "Lüßmann, Thomas"]
[Black "Diller, Daniel"]
[Result "0-1"]
[Termination "normal"]
[Board "10"]
[WhiteElo "1915"]
[BlackElo "1903"]
[PlyCount "98"]
[WhiteFideId "1270602"]
[BlackFideId "12908983"]
[EventCountry "GER"]
[EventRounds "9"]
[EventType "swiss"]
[EventDate "2016.05.14"]

1. d4 e6 2. c4 Nf6 3. Nf3 Bb4+ 4. Nbd2 d5 5. a3 Be7 6. Qc2 O-O 7. e3 Nbd7 8.
Be2 a5 9. O-O c5 10. b3 b6 11. Bb2 Bb7 12. Rac1 Bd6 13. Ne5 Qe7 14. a4 Rac8 15.
f4 cxd4 16. exd4 Ne4 17. Nxe4 dxe4 18. f5 exf5 19. Rxf5 Nxe5 20. dxe5 Bc5+ 21.
Kh1 Rcd8 22. Rd1 Rxd1+ 23. Qxd1 Rd8 24. Qc1 e3 25. Bc3 Be4 26. Rf4 Qb7 27. Rg4
Bg6 28. Bf3 Qd7 29. h4 Qd3 30. e6 f6 31. Bd5 Rxd5 32. cxd5 e2 33. Be1 Be4 34.
Kh2 Qxd5 35. Bg3 h5 36. e7 Bxe7 37. Qc7 hxg4 38. Qxe7 Kh7 39. Qe8 Bd3 40. Qc8
Bf5 41. Qe8 Be4 42. Qc8 Qd1 43. Qe8 Bg6 44. Qe3 f5 45. h5 Bxh5 46. Qg5 Bg6 47.
Qh4+ Kg8 48. Qe7 f4 49. Be1 Qxe1 0-1

[Event "ODJM A 2016"]
[Site "Willingen GER"]
[Date "2016.05.19"]
[Round "7"]
[White "Wastian, Jan"]
[Black "Terhuven, Patrick"]
[Result "0-1"]
[Termination "normal"]
[Board "11"]
[WhiteElo "1798"]
[BlackElo "2125"]
[PlyCount "112"]
[WhiteFideId "12911640"]
[BlackFideId "12919098"]
[EventCountry "GER"]
[EventRounds "9"]
[EventType "swiss"]
[EventDate "2016.05.14"]

1. e4 c5 2. c3 d5 3. exd5 Nf6 4. d4 Nxd5 5. Nf3 cxd4 6. Nxd4 a6 7. Bc4 e6 8.
O-O Bc5 9. Nb3 Be7 10. N1d2 b5 11. Be2 O-O 12. Qc2 Bb7 13. Ne4 Qc7 14. Bd3 Nd7
15. Bg5 f5 16. Bxe7 fxe4 17. Bxe4 Nxe7 18. Bxh7+ Kh8 19. Nd4 Rf6 20. Be4 Nd5
21. Rad1 Nf4 22. Nf3 Raf8 23. Nh4 Ne5 24. Rd4 g5 25. Bxb7 Qxb7 26. Qe4 Qxe4 27.
Rxe4 Nc4 28. Nf3 g4 29. Ne5 Nd2 30. Rxf4 Rxf4 31. Ng6+ Kg7 32. Nxf4 Rxf4 33.
Rd1 Ne4 34. Re1 Ng5 35. Rd1 Kf6 36. Rd6 Ne4 37. Rxa6 Rxf2 38. a4 Rxb2 39. g3
Nxc3 40. axb5 Nxb5 41. Ra4 Kg5 42. Re4 Nc7 43. Kh1 Rf2 44. Kg1 Rf5 45. Kg2 e5
46. h3 gxh3+ 47. Kxh3 Kf6 48. Kg2 Ne6 49. Ra4 Kg5 50. Rb4 Nc5 51. Rc4 e4 52.
Rc3 Nd3 53. Ra3 Kg4 54. Ra4 Rf2+ 55. Kg1 Kf3 56. g4 Rg2+ 0-1

[Event "ODJM A 2016"]
[Site "Willingen GER"]
[Date "2016.05.19"]
[Round "7"]
[White "Petersen, Finn Christopher"]
[Black "Küppers, Timo"]
[Result "0-1"]
[Termination "normal"]
[Board "12"]
[WhiteElo "1675"]
[BlackElo "1894"]
[PlyCount "114"]
[WhiteFideId "12964840"]
[BlackFideId "16205820"]
[EventCountry "GER"]
[EventRounds "9"]
[EventType "swiss"]
[EventDate "2016.05.14"]

1. e4 c5 2. Nf3 d6 3. d4 cxd4 4. Qxd4 Nc6 5. Bb5 Bd7 6. Qd3 g6 7. c4 Bg7 8. Nc3
Rc8 9. Bxc6 Bxc6 10. Bd2 Nf6 11. Rc1 O-O 12. O-O Nd7 13. Nd4 Ne5 14. Qe2 Bd7
15. Nd5 a6 16. Nb3 b6 17. Be3 Rb8 18. f4 Nc6 19. Qf2 b5 20. Bb6 Qe8 21. cxb5
axb5 22. f5 e6 23. f6 exd5 24. fxg7 Kxg7 25. exd5 Ne5 26. Bc7 Qe7 27. Bxb8 Rxb8
28. Rc3 Ra8 29. a3 Ra4 30. Nd4 Ng4 31. Qd2 Nxh2 32. Kxh2 Qe5+ 33. Qf4 Rxd4 34.
Qxe5+ dxe5 35. Rc5 e4 36. Re1 f5 37. Kg1 Kf6 38. Kf2 Ke5 39. g3 Kd6 40. Rcc1
Kxd5 41. Red1 Be6 42. Rxd4+ Kxd4 43. Rc7 g5 44. Rxh7 f4 45. gxf4 gxf4 46. Re7
Bd5 47. b4 e3+ 48. Ke1 f3 49. Rd7 Ke4 50. Re7+ Kf4 51. Rc7 f2+ 52. Ke2 Bc4+ 53.
Rxc4+ bxc4 54. b5 Ke5 55. a4 c3 56. b6 Kd6 57. a5 Kc6 0-1

[Event "ODJM A 2016"]
[Site "Willingen GER"]
[Date "2016.05.19"]
[Round "7"]
[White "Dette, Jan"]
[Black "Weber, Jannis"]
[Result "1/2-1/2"]
[Termination "normal"]
[Board "13"]
[WhiteElo "2023"]
[BlackElo "1865"]
[PlyCount "44"]
[WhiteFideId "12936677"]
[BlackFideId "12990760"]
[EventCountry "GER"]
[EventRounds "9"]
[EventType "swiss"]
[EventDate "2016.05.14"]

1. f4 Nf6 2. Nf3 g6 3. e3 Bg7 4. d4 c5 5. Bd3 Nc6 6. O-O cxd4 7. exd4 Qb6 8. c3
d5 9. Qe2 O-O 10. Nbd2 Bf5 11. Bxf5 gxf5 12. Ne5 Rad8 13. Ndf3 Ne4 14. Be3 f6
15. Nxc6 Qxc6 16. Nh4 e6 17. Kh1 Rc8 18. Rg1 Rc7 19. g4 fxg4 20. Rxg4 f5 21.
Rg2 Kh8 22. Nf3 Qc4 1/2-1/2

[Event "ODJM A 2016"]
[Site "Willingen GER"]
[Date "2016.05.19"]
[Round "7"]
[White "Stemmler, Fabian"]
[Black "Bohlsen, Linus"]
[Result "1-0"]
[Termination "normal"]
[Board "15"]
[WhiteElo "1935"]
[BlackElo "2168"]
[PlyCount "63"]
[WhiteFideId "12964808"]
[BlackFideId "12958093"]
[EventCountry "GER"]
[EventRounds "9"]
[EventType "swiss"]
[EventDate "2016.05.14"]

1. e4 c5 2. Nf3 e6 3. d4 cxd4 4. Nxd4 a6 5. Nc3 b5 6. g3 Bb7 7. Bg2 Bb4 8. Bd2
Nf6 9. Qe2 O-O 10. O-O Nc6 11. Nb3 Be7 12. a3 d6 13. f4 Qc7 14. g4 b4 15. axb4
Nxb4 16. g5 Nd7 17. Rf3 Rfc8 18. Rh3 Nxc2 19. Qh5 Nf8 20. Rf1 Qb6+ 21. Kh1 Bd8
22. f5 exf5 23. Nd5 Bxd5 24. exd5 g6 25. Qh6 Nd4 26. Be3 Bxg5 27. Qxg5 Nf3 28.
Rhxf3 Qxb3 29. Bd4 f6 30. Qxf6 Qb7 31. Qh8+ Kf7 32. Qg7+ 1-0

[Event "ODJM A 2016"]
[Site "Willingen GER"]
[Date "2016.05.19"]
[Round "7"]
[White "Garbuz, Vitaliy"]
[Black "Marx, Joschka"]
[Result "0-1"]
[Termination "normal"]
[Board "16"]
[WhiteElo "1917"]
[BlackElo "2039"]
[PlyCount "54"]
[WhiteFideId "12990710"]
[BlackFideId "24645869"]
[EventCountry "GER"]
[EventRounds "9"]
[EventType "swiss"]
[EventDate "2016.05.14"]

1. e4 c5 2. d4 cxd4 3. c3 Nf6 4. e5 Nd5 5. Nf3 e6 6. cxd4 d6 7. Bc4 Nb6 8. Bd3
Bd7 9. O-O Bc6 10. Nc3 N8d7 11. Bf4 Nd5 12. Nxd5 Bxd5 13. exd6 a6 14. Ne5 Nf6
15. d7+ Nxd7 16. Rc1 Nxe5 17. dxe5 Be7 18. Qg4 g5 19. Be3 h5 20. Qe2 Qa5 21. a3
Bc6 22. Bd2 Qd5 23. f3 Rd8 24. Rc3 g4 25. fxg4 Bc5+ 26. Be3 Bxe3+ 27. Qxe3
Qxg2# 0-1

[Event "ODJM A 2016"]
[Site "Willingen GER"]
[Date "2016.05.19"]
[Round "7"]
[White "Bethke, Robert"]
[Black "Wagner, Robert"]
[Result "0-1"]
[Termination "normal"]
[Board "17"]
[WhiteElo "1713"]
[BlackElo "2009"]
[PlyCount "64"]
[WhiteFideId "12959251"]
[BlackFideId "24656879"]
[EventCountry "GER"]
[EventRounds "9"]
[EventType "swiss"]
[EventDate "2016.05.14"]

1. c4 e6 2. Nc3 d5 3. cxd5 exd5 4. d4 c6 5. Nf3 Bf5 6. Bf4 Nf6 7. e3 Bd6 8. Ne5
O-O 9. Bd3 Bxd3 10. Nxd3 Re8 11. O-O Bxf4 12. Nxf4 Nbd7 13. h3 Ne4 14. Qc2 f5
15. Nfe2 Ndf6 16. b4 Qd6 17. a3 g5 18. Nxe4 Nxe4 19. Nc3 Nxc3 20. Qxc3 Re6 21.
Qd3 Rf8 22. Ra2 f4 23. exf4 Rxf4 24. Rd1 Rfe4 25. Qd2 Qe7 26. Kf1 h5 27. Qc3 g4
28. hxg4 hxg4 29. g3 Qh7 30. Kg1 Rh6 31. f3 Rh1+ 32. Kf2 Qh2# 0-1

[Event "ODJM A 2016"]
[Site "Willingen GER"]
[Date "2016.05.19"]
[Round "7"]
[White "Udaykumar, Arunn Mark"]
[Black "Lutter, Maximilian"]
[Result "1-0"]
[Termination "normal"]
[Board "18"]
[WhiteElo "1724"]
[BlackElo "1896"]
[PlyCount "63"]
[WhiteFideId "12965456"]
[BlackFideId "12934402"]
[EventCountry "GER"]
[EventRounds "9"]
[EventType "swiss"]
[EventDate "2016.05.14"]

1. b4 e5 2. Bb2 Bxb4 3. Bxe5 Nf6 4. Nf3 O-O 5. e3 d5 6. Be2 c5 7. Bb2 Nc6 8.
O-O Be6 9. Ng5 Ba5 10. f4 Bc7 11. Nc3 a6 12. Nxe6 fxe6 13. Bg4 Qd6 14. Qf3 e5
15. Ne2 Ne4 16. Rad1 Qg6 17. d3 Nf6 18. Be6+ Kh8 19. Bxd5 Nb4 20. Bb3 e4 21.
dxe4 c4 22. Bxc4 Nxc2 23. e5 Ng4 24. Bd3 Qh5 25. h3 Ncxe3 26. Bd4 Nxf1 27. hxg4
Qh2+ 28. Kxf1 Qh1+ 29. Ng1 Rad8 30. Qe4 b5 31. Ke2 Ba5 32. Nh3 1-0

[Event "ODJM A 2016"]
[Site "Willingen GER"]
[Date "2016.05.19"]
[Round "7"]
[White "Dietz, Florian"]
[Black "Hesse, Henrik"]
[Result "1-0"]
[Termination "normal"]
[Board "19"]
[WhiteElo "1803"]
[BlackElo "1922"]
[PlyCount "85"]
[WhiteFideId "12939897"]
[BlackFideId "12952060"]
[EventCountry "GER"]
[EventRounds "9"]
[EventType "swiss"]
[EventDate "2016.05.14"]

1. e4 Nf6 2. e5 Nd5 3. c4 Nb6 4. d4 d6 5. exd6 cxd6 6. d5 e5 7. Nc3 Be7 8. Bd3
O-O 9. Nge2 f5 10. b3 Na6 11. O-O g5 12. Ng3 e4 13. Bc2 Bf6 14. Bb2 Be5 15. Rc1
Qf6 16. Bb1 g4 17. Qd2 Nd7 18. Nh5 Bxh2+ 19. Kxh2 Qh4+ 20. Kg1 Qxh5 21. Nb5 Ne5
22. Qf4 Rf6 23. Qh2 Qg5 24. Rc3 Rh6 25. Bc1 Rxh2 26. Bxg5 Rh5 27. Bf4 Nf7 28.
Nxd6 Nxd6 29. Bxd6 b6 30. Bf4 Bd7 31. Rd1 Re8 32. a3 Rh4 33. b4 g3 34. Rxg3+
Kf7 35. Bg5 Rh5 36. Bc1 Rh4 37. Bb2 f4 38. Rg7+ Kf8 39. Rxd7 e3 40. fxe3 Rxe3
41. Rxa7 Re2 42. Bg7+ Kg8 43. Bf5 1-0

[Event "ODJM A 2016"]
[Site "Willingen GER"]
[Date "2016.05.19"]
[Round "7"]
[White "Hartmann, Jakob"]
[Black "Bösel, Alexander"]
[Result "1-0"]
[Termination "normal"]
[Board "20"]
[WhiteElo "1983"]
[BlackElo "1992"]
[PlyCount "97"]
[WhiteFideId "12918067"]
[BlackFideId "4623185"]
[EventCountry "GER"]
[EventRounds "9"]
[EventType "swiss"]
[EventDate "2016.05.14"]

1. e4 c5 2. Nf3 d6 3. d4 cxd4 4. Nxd4 Nf6 5. Nc3 a6 6. Bg5 e6 7. f4 Be7 8. Qf3
Nbd7 9. O-O-O Qc7 10. g4 h6 11. Bxf6 Bxf6 12. h4 Qb6 13. Nce2 g5 14. hxg5 hxg5
15. Rxh8+ Bxh8 16. f5 Ne5 17. Qh3 Bf6 18. Qh7 exf5 19. exf5 Nc6 20. Qg8+ Ke7
21. Nc3 Nb4 22. Re1+ Be5 23. f6+ Kxf6 24. Bc4 Be6 25. Ne4+ Ke7 26. Qxg5+ Kd7
27. Nxe6 fxe6 28. c3 Rc8 29. Nf6+ Kc7 30. Bxe6 Nd3+ 31. Kd2 Bxf6 32. Qxf6 Nxe1
33. Bxc8 Qxb2+ 34. Kxe1 Qb1+ 35. Kf2 Qxa2+ 36. Kg3 Kxc8 37. Qxd6 Qf7 38. g5 Qg7
39. Qc5+ Kd7 40. Qd4+ Qxd4 41. cxd4 Ke6 42. Kf4 a5 43. d5+ Kxd5 44. g6 Kc5 45.
g7 b5 46. g8=Q Kb4 47. Qa2 a4 48. Ke4 a3 49. Kd4 1-0

[Event "ODJM A 2016"]
[Site "Willingen GER"]
[Date "2016.05.19"]
[Round "7"]
[White "Lehmann, Tim"]
[Black "Schimnatkowski, Lukas"]
[Result "0-1"]
[Termination "normal"]
[Board "21"]
[WhiteElo "1613"]
[BlackElo "1978"]
[PlyCount "70"]
[WhiteFideId "12979171"]
[BlackFideId "12936723"]
[EventCountry "GER"]
[EventRounds "9"]
[EventType "swiss"]
[EventDate "2016.05.14"]

1. d4 Nf6 2. Nf3 d6 3. Bf4 g6 4. e3 Bg7 5. c4 O-O 6. Nc3 Nbd7 7. Be2 a6 8. a4
Qe8 9. Qc2 e5 10. dxe5 dxe5 11. Bg3 Qe7 12. e4 a5 13. O-O c6 14. Rfd1 Nh5 15.
Nd2 Nxg3 16. hxg3 Nc5 17. Na2 f5 18. Bf3 Ne6 19. Nb3 f4 20. g4 Qh4 21. Kf1 b5
22. cxb5 cxb5 23. Qc6 bxa4 24. Qxa8 axb3 25. Nc3 Nd4 26. Rxd4 exd4 27. Ne2 Kh8
28. Qxa5 d3 29. Ng1 Bxg4 30. Bxg4 Qxg4 31. f3 Qc8 32. Rd1 Qc2 33. Rd2 Qc1+ 34.
Rd1 Qxd1+ 35. Qe1 Qxe1+ 0-1

[Event "ODJM A 2016"]
[Site "Willingen GER"]
[Date "2016.05.19"]
[Round "7"]
[White "Knudsen, Simon"]
[Black "Buhr, Patrick"]
[Result "0-1"]
[Termination "normal"]
[Board "22"]
[WhiteElo "1907"]
[BlackElo "1744"]
[PlyCount "94"]
[WhiteFideId "12985546"]
[BlackFideId "16206436"]
[EventCountry "GER"]
[EventRounds "9"]
[EventType "swiss"]
[EventDate "2016.05.14"]

1. e4 Nf6 2. Nc3 d5 3. e5 d4 4. exf6 dxc3 5. fxg7 cxd2+ 6. Bxd2 Bxg7 7. c3 Nc6
8. Nf3 a6 9. Bc4 Bf5 10. Qb3 e6 11. Qxb7 Na5 12. Qb4 Nxc4 13. Qxc4 O-O 14. Bg5
Qd7 15. Rd1 Qb5 16. Qxb5 axb5 17. a3 h6 18. Be7 Rfe8 19. Bc5 Bc2 20. Rd2 Bb3
21. Bd4 c6 22. Bxg7 Kxg7 23. Nd4 Bd5 24. f3 Kf6 25. Kf2 h5 26. Re1 Rg8 27. Ne2
e5 28. Ng3 h4 29. Ne4+ Kf5 30. Nc5 Rgd8 31. Nd3 f6 32. Nb4 Ke6 33. Red1 Rd7 34.
Ke3 Rad8 35. g3 hxg3 36. hxg3 Rd6 37. Na6 Ke7 38. Rh1 Bc4 39. Rxd6 Rxd6 40. Nc5
f5 41. Rh5 Rd5 42. b4 f4+ 43. Ke4 Ba2 44. Rh7+ Kf6 45. Rh1 Rd2 46. Rh6+ Kg5 47.
Rxc6 Re2+ 0-1

[Event "ODJM A 2016"]
[Site "Willingen GER"]
[Date "2016.05.19"]
[Round "7"]
[White "Behringer, Tom"]
[Black "Niesel, Tobias"]
[Result "1-0"]
[Termination "normal"]
[Board "25"]
[WhiteElo "1774"]
[BlackElo "1973"]
[PlyCount "53"]
[WhiteFideId "16203496"]
[BlackFideId "12962155"]
[EventCountry "GER"]
[EventRounds "9"]
[EventType "swiss"]
[EventDate "2016.05.14"]

1. d4 c5 2. d5 f5 3. e4 fxe4 4. Nc3 Nf6 5. Bg5 Qb6 6. Bxf6 exf6 7. Nxe4 Qb4+ 8.
Nc3 Qxb2 9. Nb5 Qb4+ 10. c3 Qe4+ 11. Be2 Na6 12. d6 g6 13. Nf3 Bg7 14. O-O O-O
15. Re1 Kh8 16. Qb3 h5 17. Bc4 Qf4 18. Re7 h4 19. Rae1 f5 20. Re8 b6 21. Bd5 c4
22. Qd1 Rb8 23. Rxf8+ Bxf8 24. Re8 Kg7 25. g3 hxg3 26. hxg3 Qg4 27. Qe2 1-0

[Event "ODJM A 2016"]
[Site "Willingen GER"]
[Date "2016.05.19"]
[Round "7"]
[White "Greßmann, Hanna"]
[Black "Zahn, Benno"]
[Result "0-1"]
[Termination "normal"]
[Board "26"]
[WhiteElo "1781"]
[BlackElo "2106"]
[PlyCount "30"]
[WhiteFideId "12930709"]
[BlackFideId "24636070"]
[EventCountry "GER"]
[EventRounds "9"]
[EventType "swiss"]
[EventDate "2016.05.14"]

1. e4 c5 2. Nc3 Nc6 3. f4 g6 4. Nf3 Bg7 5. Bc4 e6 6. O-O Nge7 7. Qe1 O-O 8. d3
d6 9. f5 gxf5 10. Qh4 Ng6 11. Qh5 Nce5 12. exf5 Nxf3+ 13. Rxf3 Qh4 14. Qg5 Qe1+
15. Rf1 Bd4+ 0-1

[Event "ODJM A 2016"]
[Site "Willingen GER"]
[Date "2016.05.19"]
[Round "7"]
[White "Gorainow, Nikita"]
[Black "Hinrichs, Niklas"]
[Result "1/2-1/2"]
[Termination "normal"]
[Board "27"]
[WhiteElo "1779"]
[BlackElo "1894"]
[PlyCount "53"]
[WhiteFideId "12970093"]
[BlackFideId "12942499"]
[EventCountry "GER"]
[EventRounds "9"]
[EventType "swiss"]
[EventDate "2016.05.14"]

1. e4 c5 2. b4 d6 3. bxc5 dxc5 4. Nf3 Nf6 5. Nc3 e6 6. Bc4 a6 7. a4 Nc6 8. d3
Qc7 9. Bb2 Be7 10. O-O O-O 11. Ne2 Rd8 12. Ng3 Bd7 13. e5 Nd5 14. Qd2 Na5 15.
Bxd5 exd5 16. Nh5 d4 17. Qf4 Qb6 18. Rfb1 Qg6 19. Ng3 Nc6 20. c3 Bg4 21. cxd4
Bxf3 22. Qxf3 cxd4 23. Qe2 Bh4 24. Ba3 Bxg3 25. hxg3 Rd7 26. Rb6 Re8 27. Rab1
1/2-1/2

[Event "ODJM A 2016"]
[Site "Willingen GER"]
[Date "2016.05.19"]
[Round "7"]
[White "Kagan, Dennis"]
[Black "Wissing, Philipp"]
[Result "1/2-1/2"]
[Termination "normal"]
[Board "28"]
[WhiteElo "1974"]
[BlackElo "1583"]
[PlyCount "43"]
[WhiteFideId "12983578"]
[BlackFideId "12993654"]
[EventCountry "GER"]
[EventRounds "9"]
[EventType "swiss"]
[EventDate "2016.05.14"]

1. Nf3 g6 2. c4 Bg7 3. g3 e5 4. Nc3 Ne7 5. Bg2 c6 6. c5 d5 7. cxd6 Nf5 8. d3
Nxd6 9. O-O Be6 10. Ng5 Qe7 11. Nxe6 Qxe6 12. Qc2 O-O 13. Na4 Nd7 14. Be3 Nf5
15. Qd2 Nxe3 16. Qxe3 b6 17. Rfc1 Rac8 18. Qf3 Nf6 19. Nc3 Rfd8 20. Ne4 Nxe4
21. Qxe4 f5 22. Qc4 1/2-1/2

[Event "ODJM A 2016"]
[Site "Willingen GER"]
[Date "2016.05.19"]
[Round "7"]
[White "Wachinger, Nikolas"]
[Black "Steffens, Oliver"]
[Result "1/2-1/2"]
[Termination "normal"]
[Board "29"]
[WhiteElo "1542"]
[BlackElo "1814"]
[PlyCount "52"]
[WhiteFideId "12962791"]
[BlackFideId "12947148"]
[EventCountry "GER"]
[EventRounds "9"]
[EventType "swiss"]
[EventDate "2016.05.14"]

1. e4 c5 2. Nf3 d6 3. Bb5+ Bd7 4. Bxd7+ Qxd7 5. c4 Nf6 6. Nc3 g6 7. O-O Bg7 8.
d4 cxd4 9. Nxd4 O-O 10. f3 Rc8 11. b3 d5 12. exd5 Nxd5 13. Nxd5 e6 14. Bh6 exd5
15. Bxg7 Kxg7 16. Nb5 dxc4 17. Nd6 Rd8 18. Nxb7 Qxd1 19. Rfxd1 Rxd1+ 20. Rxd1
cxb3 21. axb3 Nc6 22. Rd6 Rb8 23. Rxc6 Rxb7 24. Ra6 Rxb3 25. Rxa7 Rb2 26. Ra4
Rb1+ 1/2-1/2